MDQL
is popping MORE tags! Check the
thread
!
Quizzes
Events
Quiz Creation
Community
Videos
Private Events
Remove Ads
Sign In
Join for FREE
Feedback
Dark Mode
Quiz Categories
Sports
Geography
Music
Movies
Television
Just For Fun
Miscellaneous
History
Literature
Language
Science
Gaming
Entertainment
Religion
Holiday
For Kids
Quiz Lab
Recent
Popular Today
Quiz Kudos Today
Editor Picks
Curator Picks
Quizzes by...
Day
Popularity
Type
Ratings
Length
Year
Community
Subscriptions
Recent Discussions
Orange Saloon
Badges
Playlists
Quests
Create
Leaderboards
Showdown
Live 5
Trivia Bingo
Activity
Puzzle Library
Sporcle Events
Private Events
Virtual Trivia
Globe League
Become a Host
Pub Owners
SporcleCon
Opinionation
Our Games
Videos
Blog
Mobile Apps
Partnerships
Remove Ads and Go Orange
Feedback
Language
Vocabulary
Begins and Ends
Definition
Spanish
French
German
Italian
Chinese
Latin
Translation
Japanese
Language
Vocabulary
Begins and Ends
Definition
Spanish
French
German
Italian
Chinese
Latin
Translation
Japanese
Random Quiz
Search Sporcle
×
Quiz Lab
Quiz Lab
Language
Latin
Type in answers that appear in a list
Type in answers that appear in a list
Classic
Best Score? Go Orange.
Vocabulary for Aeneid I.325-440 Stats
Can you name the Vocabulary for Aeneid I.325-440?
By
Isaeus
20m
71 Questions
21 Plays
21 Plays
21 Plays
Comments
Comments
Give Quiz Kudos
Give Quiz Kudos
-
- Ratings
hide this ad
Forced Order
Answers have to be entered in order
Answers have to be entered in order
Random Order
Randomize order of answers
Randomize order of answers
Replay
Link that replays current quiz
Next Quiz
Link to next quiz in quiz playlist
You Got
0%
They Got
Avg Score
82%
Avg Friend Score
Upgrade to see
Score Distribution
Jump to the score distribution portion of the page
Score
0/71
Timer
20:00
0
Plays Today
Latin Phrase
English Meaning
% Correct
doceas (332)
to teach
95.2%
fugiens (341)
to flee
95.2%
auri (343)
gold
95.2%
miserae (344)
wretched
95.2%
habebat (346)
to have
95.2%
somnis (353)
sleep
95.2%
imago (353)
image
95.2%
viae (358)
way
95.2%
corripiunt (363)
to snatch
95.2%
hoste (378)
enemy
95.2%
bis (381)
twice
95.2%
deserta (384)
to desert
95.2%
plura (385)
more
95.2%
limina (389)
threshold
95.2%
capere (396)
to take
95.2%
pedes (403)
foot
95.2%
reddere (409)
to give back
95.2%
causas (414)
cause
95.2%
sole (431)
sun
95.2%
surgunt (437)
to rise
95.2%
amantem (352)
to love
90.5%
attollens (354)
to lift
90.5%
dux (364)
leader
90.5%
vestras (375)
your
90.5%
aperto (394)
to open
90.5%
turbabat (395)
to disturb
90.5%
vestis (404)
clothing
90.5%
natum (407)
son
90.5%
templum (416)
temple
90.5%
dulci (433)
sweet
90.5%
haud (327)
not
85.7%
an (329)
or
85.7%
quaecumque (330)
whoever
85.7%
tandem (331)
at length
85.7%
vos (369)
you
85.7%
iter (370)
journey
85.7%
Latin Phrase
English Meaning
% Correct
iungere (408)
to join
85.7%
ardentes (423)
to burn
85.7%
tecto (425)
roof
85.7%
trahens (371)
to drag
81%
aures (375)
ear
81%
ordine (395)
order
81%
avertens (402)
to turn away
81%
agnovit (406)
to recognize
81%
cernere (413)
to discern
81%
molem (421)
mass
81%
opus (436)
work
81%
ominibus (346)
omen
76.2%
furor (348)
madness
76.2%
raptus (378)
to seize
76.2%
aspice (393)
to look at
76.2%
cinxere (398)
to encircle
76.2%
obscuro (411)
dark
76.2%
exercet (431)
to be busy
76.2%
contra (adverb) (325)
opposite
71.4%
memorem (327)
to recount
71.4%
iactemur (332)
to toss
71.4%
scelere (347)
crime
71.4%
legunt (426)
to gather
71.4%
quam (327)
how
66.7%
nostra (334)
our
66.7%
solum (367)
ground
66.7%
notus (379)
to learn
66.7%
poscere (414)
to demand
66.7%
quondam (421)
formerly
66.7%
optare (425)
to choose
66.7%
cadet (334)
to fall
57.1%
caecus (349)
blind
57.1%
modis (354)
manner
57.1%
quo (370)
whither
57.1%
opes (364)
help
47.6%
Quiz Playlist
Details
Report
Send in Message
Add To Playlist
Classic:
Type in answers that appear in a list
Forced Order:
Answers have to be entered in order
Random Order:
Randomize order of answers
Last Updated: Feb 16, 2017
Quiz Scoreboard
CHALLENGE
Sign Up to Join the Scoreboard
Show All
Scores
Hide
Comments
May contain spoilers
Recently Published
Street Fighter Characters
by Artimus82
Gaming
60s
9x9 Crossword: Cartoon Network
by jackfrog10
Miscellaneous
3m
College Basketball Coaching Resumes
by pancakes188
Sports
9m
More to Explore
Quiz From the Vault
Featured Blog Post
Where Did the Easter Bunny Come From?
hide this ad
You Might Also Like...
Tags
Latin Quiz
Vocabulary Quiz
Aeneid
English
phrase
Today's Top Quizzes in Language
Browse Language
hide this ad
Today's Top Quizzes in Latin
Browse Latin
Top Contributed Quizzes in Language
1
1-10 Letter F Words III
2
1-10 Letter G Words III
3
1-10 Letter H Words III
4
Celtic Nations in their Language
5
Alphabetize! : 'As' words
6
1-10 Letter I Words III
7
One Thing in Common: Italy
8
Order Up: Top 10 Most Native Spoken Languages
9
1-10 Letter J Words III
10
Weisst du, aus welchen Sprachen diese Wörter stammen?
Explore More
Trending Topics
Anime
Kpop
Harry Potter
Crossword
Marvel
NBA
Disney
Song
Country
NFL
Soccer
WWE
Pokémon
Puzzle
The Office
hide this ad
More By:
Isaeus
Quiz
Plays
Rating
Category
Featured
Created
Greek Roots (2011-2012)
371
4.40
Language
Aug 19, 2011
Greek Roots I-VI (HG 2010-2011)
328
4.50
Language
Jan 7, 2011
Latin-English Vocabulary for Chapters 14-15 (Book 1)
285
Language
Nov 11, 2011
Greek Roots I-II
213
3.00
Language
Nov 1, 2010
Latin-English Non-Subjunctive Verb Form Review
191
3.50
Language
May 15, 2012
Go to Creator's Profile
Score Distribution
Quiz Creator Spotlight
Isaeus
Follow
Send a Message
Quizzes Created
-
Created Quiz Play Count
-
More By This Creator
Popular Quizzes Today
1
Find the US States - No Outlines Minefield
2
Find the Countries of Europe - No Outlines Minefield
3
The Countries of the World
4
Find the US States
5
Risky Map Clicking: Biggest States A-Z
6
US States
7
Popular People in 1961
8
Movies - When Are They Set?
More Language Quizzes
Shortened Three Letter Words
Published
Trending Quizzes
Risky Map Clicking: Least Populous States A-Z
Countries of the World: 200 Million BC
Billboard Blitz: Aretha Franklin
1-10 Letter G Words
Famous Russians: Author or Composer?
Recently Updated
Leaping Animals
pecheneg
Reality TV Shows (A-Z)
bhenderson79
Rickey Henderson's Hall of Fame Teammates
pecheneg
Champions League XIs: Arsenal
pecheneg
Quick Pick: Celebrities in WWE's Hall of Fame
aduchscher
A-Z Keypad Blitz II
pecheneg
Multiple Oscar Actors
pecheneg
Mystery Phrase Blitz: Oscar 'Best Actors'
pecheneg
F. Scott Fitzgerald Novels
LTH
Pick 3 Villains
ddd62291
Trending Topics
Crossword
Disney
Anime
Marvel
Kpop
NBA
Harry Potter
Puzzle
Soccer
Song
WWE
The Office
NFL
Pokémon
Country
Your Account Isn't Verified!
In order to create a playlist on Sporcle, you need to verify the email address you used during registration. Go to your
Sporcle Settings
to finish the process.
Report this User
Report this user for behavior that violates our
Community Guidelines
.
Details:
Send Report
Go to the Sporcle.com Mobile Site →
Comments